[Event "European Senior Team Championship 2021"]
[Site "Don Giovanni hotel, Vinohradska 2733, Prague, Czech Republic"]
[Date "2021.09.06"]
[Round "8"]
[Board "4"]
[White "Wihlborn, Bengt"]
[Black "Geibel, Henning"]
[Result "1-0"]
[WhiteElo "1868"]
[BlackElo "1446"]
[PlyCount "0"]
[EventDate "2021.08.30"]
[EventType "team"]
[EventRounds "9"]
[EventCountry "ECX"]
[WhiteTeam "SWEDEN 2"]
[BlackTeam "GERMAN NORTH TEAM"]

1. Nf3 {[%clk 1:30:51]} d5 {[%clk 1:30:28]} 2. c4 {[%clk 1:31:08]} e6
{[%clk 1:30:21]} 3. e3 {[%clk 1:30:39]} Nf6 {[%clk 1:30:19]} 4. Be2
{[%clk 1:30:21]} Be7 {[%clk 1:29:07]} 5. O-O {[%clk 1:30:05]} O-O
{[%clk 1:29:27]} 6. Nc3 {[%clk 1:28:52]} b6 {[%clk 1:29:03]} 7. cxd5
{[%clk 1:27:38]} Nxd5 {[%clk 1:28:54]} 8. e4 {[%clk 1:24:50]} Nxc3
{[%clk 1:28:56]} 9. bxc3 {[%clk 1:24:50]} c5 {[%clk 1:26:07]} 10. Qc2
{[%clk 1:22:09]} Ba6 {[%clk 1:24:46]} 11. d3 {[%clk 1:21:49]} h6 {[%clk 1:24:31]}
12. Be3 {[%clk 1:19:03]} Qc7 {[%clk 1:21:24]} 13. Rfd1 {[%clk 1:17:41]} e5
{[%clk 1:21:20]} 14. Rac1 {[%clk 1:16:37]} Nd7 {[%clk 1:19:44]} 15. Bf1
{[%clk 1:06:56]} Nf6 {[%clk 1:16:23]} 16. h3 {[%clk 1:07:00]} c4 {[%clk 1:14:59]}
17. d4 {[%clk 1:03:10]} exd4 {[%clk 1:14:23]} 18. Bxd4 {[%clk 1:00:20]} b5
{[%clk 1:08:28]} 19. Re1 {[%clk 0:58:02]} b4 {[%clk 1:06:56]} 20. Bxf6
{[%clk 0:56:01]} Bxf6 {[%clk 1:06:23]} 21. cxb4 {[%clk 0:56:21]} Rac8
{[%clk 1:03:07]} 22. a4 {[%clk 0:55:50]} Bb7 {[%clk 0:57:50]} 23. Qxc4
{[%clk 0:53:36]} Qf4 {[%clk 0:57:12]} 24. e5 {[%clk 0:50:48]} Rxc4
{[%clk 0:56:10]} 25. Rxc4 {[%clk 0:51:14]} Qf5 26. Nd4 Qg5 {[%clk 0:52:15]} 27.
exf6 {[%clk 0:51:17]} Qxf6 28. Nb3 Bd5 {[%clk 0:47:17]} 29. Nc5 {[%clk 0:43:46]}
Bxc4 {[%clk 0:46:32]} 30. Bxc4 {[%clk 0:43:11]} Qc3 {[%clk 0:46:12]} 31. Re4
{[%clk 0:43:02]} Rd8 32. Bb3 Qc1+ {[%clk 0:40:01]} 33. Kh2 {[%clk 0:43:16]} Rd2
{[%clk 0:39:28]} 34. Rf4 {[%clk 0:42:42]} Rd7 {[%clk 0:35:56]} 35. Rc4
{[%clk 0:42:17]} Qb2 36. Re4 Rd2 {[%clk 0:29:33]} 37. Re8+ {[%clk 0:41:14]} Kh7
{[%clk 0:29:44]} 38. Bxf7 {[%clk 0:41:16]} Rxf2 39. Bd5 Qf6 {[%clk 0:27:18]} 40.
Bg8+ {[%clk 0:40:36]} Kg6 {[%clk 0:27:05]} 41. Re6 {[%clk 0:40:42]} Qxe6
{[%clk 0:25:08]} 42. Bxe6 {[%clk 0:40:49]} Rb2 {[%clk 0:24:59]} 43. b5
{[%clk 0:38:21]} Re2 {[%clk 0:25:08]} 44. Bc4 {[%clk 0:35:50]} Rc2
{[%clk 0:25:18]} 45. Bd3+ {[%clk 0:35:50]}  1-0

[Event "European Senior Team Championship 2021"]
[Site "Don Giovanni hotel, Vinohradska 2733, Prague, Czech Republic"]
[Date "2021.09.06"]
[Round "8"]
[Board "1"]
[White "Pacl, Vaclav"]
[Black "Jeute, Peter"]
[Result "1/2-1/2"]
[WhiteElo "2015"]
[BlackElo "1866"]
[PlyCount "0"]
[EventDate "2021.08.30"]
[EventType "team"]
[EventRounds "9"]
[EventCountry "ECX"]
[WhiteTeam "SK PLZEN"]
[BlackTeam "DRESDENER SPRINGER"]

1. Nf3 {[%clk 1:30:56]} d5 {[%clk 1:30:53]} 2. e3 {[%clk 1:31:20]} Nf6
{[%clk 1:30:46]} 3. c4 {[%clk 1:31:41]} e6 {[%clk 1:31:09]} 4. b3
{[%clk 1:31:58]} c5 {[%clk 1:31:25]} 5. Bb2 {[%clk 1:32:20]} Nc6 {[%clk 1:31:38]}
6. cxd5 {[%clk 1:32:19]} exd5 {[%clk 1:30:33]} 7. Bb5 {[%clk 1:32:29]} a6
{[%clk 1:30:02]} 8. Bxc6+ {[%clk 1:31:21]} bxc6 {[%clk 1:30:21]} 9. O-O
{[%clk 1:31:15]} Be7 {[%clk 1:30:26]} 10. d3 {[%clk 1:29:08]} Bg4
{[%clk 1:28:05]} 11. Nbd2 {[%clk 1:29:26]} O-O {[%clk 1:28:09]} 12. Qc2
{[%clk 1:27:38]} Nd7 {[%clk 1:19:46]} 13. Rac1 {[%clk 1:19:05]} Qa5
{[%clk 1:16:57]}  1/2-1/2

[Event "European Senior Team Championship 2021"]
[Site "Don Giovanni hotel, Vinohradska 2733, Prague, Czech Republic"]
[Date "2021.09.06"]
[Round "8"]
[Board "2"]
[White "Mueckan, Friedbert"]
[Black "Bartonicek, Zdenek"]
[Result "0-1"]
[WhiteElo "1883"]
[BlackElo "1970"]
[PlyCount "0"]
[EventDate "2021.08.30"]
[EventType "team"]
[EventRounds "9"]
[EventCountry "ECX"]
[WhiteTeam "DRESDENER SPRINGER"]
[BlackTeam "SK PLZEN"]

1. e4 {[%clk 1:30:53]} e5 {[%clk 1:30:50]} 2. Nf3 {[%clk 1:31:08]} Nc6
{[%clk 1:30:02]} 3. Bb5 {[%clk 1:31:28]} a6 {[%clk 1:30:01]} 4. Ba4
{[%clk 1:31:50]} Nf6 {[%clk 1:30:12]} 5. d3 {[%clk 1:31:16]} d6 {[%clk 1:30:19]}
6. h3 {[%clk 1:31:27]} Be7 {[%clk 1:30:32]} 7. c3 {[%clk 1:31:45]} O-O
{[%clk 1:30:22]} 8. O-O {[%clk 1:32:09]} b5 {[%clk 1:28:07]} 9. Bc2
{[%clk 1:32:37]} d5 {[%clk 1:27:19]} 10. Re1 {[%clk 1:30:03]} dxe4
{[%clk 1:25:35]} 11. dxe4 {[%clk 1:29:53]} Be6 {[%clk 1:21:55]} 12. Nbd2
{[%clk 1:29:37]} g6 {[%clk 1:20:18]} 13. Nf1 {[%clk 1:28:13]} Bc4
{[%clk 1:20:02]} 14. Bh6 {[%clk 1:24:14]} Qxd1 {[%clk 1:19:40]} 15. Raxd1
{[%clk 1:19:24]} Rfd8 {[%clk 1:19:57]} 16. b3 {[%clk 1:17:12]} Rxd1
{[%clk 1:18:19]} 17. Rxd1 {[%clk 1:14:08]} Be2 {[%clk 1:18:06]} 18. Rd2
{[%clk 1:14:20]} Bxf3 {[%clk 1:17:42]} 19. gxf3 {[%clk 1:14:48]} b4
{[%clk 1:17:46]} 20. c4 {[%clk 1:09:31]} Nd4 {[%clk 1:17:18]} 21. Bd1
{[%clk 1:09:58]} Rd8 {[%clk 1:10:36]} 22. Kg2 {[%clk 1:09:42]} Nh5
{[%clk 1:10:03]} 23. Ne3 {[%clk 1:07:00]} c6 {[%clk 1:09:47]} 24. Ng4
{[%clk 0:55:29]} f6 {[%clk 1:08:14]} 25. Be3 {[%clk 0:55:16]} Kf7
{[%clk 1:06:01]} 26. Nh2 {[%clk 0:50:58]} Nf4+ {[%clk 1:01:01]} 27. Bxf4
{[%clk 0:41:52]} exf4 {[%clk 1:00:57]} 28. Nf1 {[%clk 0:41:59]} Ke6
{[%clk 0:57:11]} 29. Nh2 {[%clk 0:37:22]} h5 {[%clk 0:56:25]} 30. Nf1
{[%clk 0:37:29]} Ke5 {[%clk 0:56:20]} 31. Bc2 {[%clk 0:26:34]} Bc5
{[%clk 0:47:21]} 32. Bb1 {[%clk 0:25:46]} a5 {[%clk 0:46:47]} 33. Rd3
{[%clk 0:25:32]} Ra8 {[%clk 0:43:39]} 34. Rd2 {[%clk 0:24:16]} a4
{[%clk 0:41:07]} 35. Rb2 axb3 36. axb3 {[%clk 0:20:22]} Ra3 {[%clk 0:41:10]} 37.
Nd2 {[%clk 0:20:38]} Ne2 {[%clk 0:39:19]} 38. Bc2 {[%clk 0:19:26]} Bd4
{[%clk 0:38:11]} 39. Rb1 {[%clk 0:19:29]} Nc3 {[%clk 0:38:32]} 40. Rc1
{[%clk 0:16:11]} c5 {[%clk 0:35:18]} 41. Kf1 {[%clk 0:15:45]} Ra2
{[%clk 0:35:07]} 42. Ke1 {[%clk 0:15:46]} Rb2 {[%clk 0:35:13]} 43. Bd1
{[%clk 0:11:06]} Bxf2+ {[%clk 0:34:39]}  0-1

[Event "European Senior Team Championship 2021"]
[Site "Don Giovanni hotel, Vinohradska 2733, Prague, Czech Republic"]
[Date "2021.09.06"]
[Round "8"]
[Board "1"]
[White "Mozna, Eva"]
[Black "Sedlak, Ludek"]
[Result "1/2-1/2"]
[WhiteElo "1905"]
[BlackElo "1879"]
[PlyCount "0"]
[EventDate "2021.08.30"]
[EventType "team"]
[EventRounds "9"]
[EventCountry "ECX"]
[WhiteTeam "CZECH REPUBLIC WOMEN"]
[BlackTeam "CAISSA ROZTOKY"]

1. d4 {[%clk 1:30:59]} Nf6 {[%clk 1:30:48]} 2. Nf3 {[%clk 1:31:23]} g6
{[%clk 1:30:54]} 3. g3 {[%clk 1:31:49]} Bg7 {[%clk 1:31:10]} 4. Bg2
{[%clk 1:32:16]} d6 {[%clk 1:31:10]} 5. O-O {[%clk 1:32:05]} O-O {[%clk 1:30:37]}
6. c4 {[%clk 1:32:22]} Re8 {[%clk 1:28:06]} 7. Nc3 {[%clk 1:32:09]} Nbd7
{[%clk 1:26:42]} 8. e4 {[%clk 1:30:49]} e5 {[%clk 1:24:07]} 9. dxe5
{[%clk 1:24:40]} dxe5 {[%clk 1:23:36]} 10. Qc2 {[%clk 1:22:57]} c6
{[%clk 1:23:46]} 11. h3 {[%clk 1:22:24]} Qc7 {[%clk 1:22:55]} 12. Be3
{[%clk 1:22:32]} Nf8 {[%clk 1:15:31]} 13. Rad1 {[%clk 1:15:01]}  1/2-1/2

[Event "European Senior Team Championship 2021"]
[Site "Don Giovanni hotel, Vinohradska 2733, Prague, Czech Republic"]
[Date "2021.09.06"]
[Round "8"]
[Board "2"]
[White "Tejkal, Jiri"]
[Black "Modrova, Hana"]
[Result "1/2-1/2"]
[WhiteElo "1869"]
[BlackElo "1816"]
[PlyCount "0"]
[EventDate "2021.08.30"]
[EventType "team"]
[EventRounds "9"]
[EventCountry "ECX"]
[WhiteTeam "CAISSA ROZTOKY"]
[BlackTeam "CZECH REPUBLIC WOMEN"]

1. d4 {[%clk 1:30:46]} d6 {[%clk 1:30:36]} 2. c4 {[%clk 1:30:32]} Nf6
{[%clk 1:30:14]} 3. Nc3 {[%clk 1:30:18]} c6 {[%clk 1:30:16]} 4. e4
{[%clk 1:29:18]} Qa5 {[%clk 1:28:32]} 5. f3 {[%clk 1:27:47]} e5 {[%clk 1:26:41]}
6. Be3 {[%clk 1:25:31]} Nbd7 {[%clk 1:23:50]} 7. d5 {[%clk 1:17:21]} Be7
{[%clk 1:19:11]} 8. Nge2 {[%clk 1:16:31]} cxd5 {[%clk 1:15:35]} 9. cxd5
{[%clk 1:16:03]} b5 {[%clk 1:11:54]} 10. Nc1 {[%clk 1:12:07]} a6 {[%clk 1:04:49]}
11. Nb3 {[%clk 1:10:22]} Qd8 {[%clk 1:04:39]} 12. Qd2 {[%clk 1:06:55]} O-O
{[%clk 1:03:56]} 13. g4 {[%clk 1:02:18]} Nb6 {[%clk 1:00:51]} 14. Qf2
{[%clk 0:57:00]} Nfd7 {[%clk 1:00:17]} 15. h4 {[%clk 0:55:01]} Nc4
{[%clk 0:50:05]} 16. Bxc4 {[%clk 0:54:12]} bxc4 {[%clk 0:50:27]} 17. Nd2
{[%clk 0:53:17]} Qc7 {[%clk 0:49:21]} 18. Rc1 {[%clk 0:51:15]} Rb8
{[%clk 0:48:52]} 19. b3 {[%clk 0:48:31]} cxb3 {[%clk 0:41:04]} 20. Nxb3
{[%clk 0:48:36]} Nc5 {[%clk 0:29:03]} 21. Nxc5 {[%clk 0:40:38]} dxc5
{[%clk 0:27:39]} 22. Kf1 {[%clk 0:39:49]} Bd7 {[%clk 0:23:32]} 23. Kg2
{[%clk 0:39:04]} c4 {[%clk 0:19:30]} 24. Rhd1 {[%clk 0:35:03]} Bd6
{[%clk 0:17:44]} 25. Rb1 {[%clk 0:33:25]}  1/2-1/2

[Event "European Senior Team Championship 2021"]
[Site "Don Giovanni hotel, Vinohradska 2733, Prague, Czech Republic"]
[Date "2021.09.06"]
[Round "8"]
[Board "3"]
[White "Pribylova, Ruzena"]
[Black "Halla, Jiri"]
[Result "1/2-1/2"]
[WhiteElo "1810"]
[BlackElo "1759"]
[PlyCount "0"]
[EventDate "2021.08.30"]
[EventType "team"]
[EventRounds "9"]
[EventCountry "ECX"]
[WhiteTeam "CZECH REPUBLIC WOMEN"]
[BlackTeam "CAISSA ROZTOKY"]

1. Nf3 {[%clk 1:30:57]} Nf6 {[%clk 1:28:27]} 2. d4 {[%clk 1:28:56]} g6
{[%clk 1:28:45]} 3. c4 {[%clk 1:29:06]} Bg7 {[%clk 1:29:07]} 4. Nc3
{[%clk 1:29:21]} O-O {[%clk 1:29:21]} 5. e4 {[%clk 1:29:29]} d6 {[%clk 1:29:44]}
6. Be2 {[%clk 1:29:25]} e5 {[%clk 1:28:52]} 7. dxe5 {[%clk 1:24:43]} dxe5
{[%clk 1:28:51]} 8. Qxd8 {[%clk 1:23:45]} Rxd8 {[%clk 1:29:14]} 9. Nxe5
{[%clk 1:17:00]} Nxe4 {[%clk 1:29:25]} 10. Nxe4 {[%clk 1:15:35]} Bxe5
{[%clk 1:29:42]} 11. O-O {[%clk 1:15:19]} Nc6 {[%clk 1:25:38]} 12. f4
{[%clk 0:58:14]} Bg7 {[%clk 1:14:29]} 13. Nc3 {[%clk 0:36:03]} Nd4
{[%clk 1:03:52]} 14. Bd1 {[%clk 0:32:46]} Bf5 {[%clk 0:58:33]} 15. Nd5
{[%clk 0:29:55]} Bd3 {[%clk 0:48:27]} 16. Re1 {[%clk 0:21:32]} Bxc4
{[%clk 0:40:38]} 17. Nc3 {[%clk 0:17:36]} Re8 {[%clk 0:40:25]} 18. Rxe8+
{[%clk 0:16:32]} Rxe8 {[%clk 0:40:46]} 19. Kf2 {[%clk 0:16:48]} Bd3
{[%clk 0:32:38]} 20. Bd2 {[%clk 0:16:31]} Nf5 {[%clk 0:29:51]} 21. g4
{[%clk 0:13:07]} Bd4+ {[%clk 0:28:31]} 22. Kf3 {[%clk 0:12:05]} Nd6
{[%clk 0:27:23]} 23. Ba4 {[%clk 0:11:49]} c6 {[%clk 0:22:32]} 24. Re1
{[%clk 0:11:49]} Rxe1 {[%clk 0:19:36]} 25. Bxe1 {[%clk 0:12:18]} Nc4
{[%clk 0:19:26]} 26. b4 {[%clk 0:10:54]} Na3 {[%clk 0:16:52]} 27. Bb3
{[%clk 0:10:22]} Nc2 {[%clk 0:16:21]} 28. Bxc2 {[%clk 0:06:18]} Bxc2
{[%clk 0:16:43]} 29. Ne4 {[%clk 0:06:01]} f5 {[%clk 0:13:13]} 30. gxf5
{[%clk 0:05:48]} gxf5 {[%clk 0:13:42]} 31. Ng5 {[%clk 0:04:47]} Bb1
{[%clk 0:13:24]} 32. a4 {[%clk 0:05:08]} Ba2 {[%clk 0:13:45]} 33. Nh3
{[%clk 0:05:15]} Bd5+ {[%clk 0:13:52]} 34. Ke2 {[%clk 0:05:29]} Bc4+
{[%clk 0:13:49]} 35. Kd2 {[%clk 0:05:10]} Kg7 {[%clk 0:14:06]} 36. Nf2
{[%clk 0:05:31]} Kf6 {[%clk 0:13:25]} 37. Nd3 {[%clk 0:05:42]} b6
{[%clk 0:13:29]} 38. Kc2 {[%clk 0:04:58]} Ke6 {[%clk 0:13:16]} 39. Bh4
{[%clk 0:04:30]} Be3 {[%clk 0:11:06]} 40. Bg3 {[%clk 0:04:18]} Kd5
{[%clk 0:02:33]} 41. Ne5 {[%clk 0:27:56]} c5 {[%clk 0:25:26]} 42. b5
{[%clk 0:26:57]} Ke4 {[%clk 0:25:34]} 43. Nxc4 {[%clk 0:27:07]} Bxf4
{[%clk 0:25:45]}  1/2-1/2

[Event "European Senior Team Championship 2021"]
[Site "Don Giovanni hotel, Vinohradska 2733, Prague, Czech Republic"]
[Date "2021.09.06"]
[Round "8"]
[Board "4"]
[White "Macoun, Jiri"]
[Black "Sunkova, Marie"]
[Result "0-1"]
[WhiteElo "1718"]
[BlackElo "1813"]
[PlyCount "0"]
[EventDate "2021.08.30"]
[EventType "team"]
[EventRounds "9"]
[EventCountry "ECX"]
[WhiteTeam "CAISSA ROZTOKY"]
[BlackTeam "CZECH REPUBLIC WOMEN"]

1. e4 {[%clk 1:30:39]} c5 {[%clk 1:30:50]} 2. Bc4 {[%clk 1:30:57]} Nc6
{[%clk 1:30:33]} 3. a4 {[%clk 1:31:10]} Nf6 {[%clk 1:30:05]} 4. d3
{[%clk 1:31:29]} e6 {[%clk 1:27:18]} 5. Bg5 {[%clk 1:31:36]} Be7 {[%clk 1:26:23]}
6. Nc3 {[%clk 1:31:24]} h6 {[%clk 1:23:27]} 7. Bxf6 {[%clk 1:30:17]} Bxf6
{[%clk 1:23:37]} 8. Ba2 {[%clk 1:30:29]} O-O {[%clk 1:21:38]} 9. f4
{[%clk 1:30:53]} d6 {[%clk 1:20:25]} 10. Nf3 {[%clk 1:30:48]} Nd4
{[%clk 1:18:37]} 11. O-O {[%clk 1:30:41]} Bd7 {[%clk 1:13:21]} 12. Qd2
{[%clk 1:29:00]} a6 {[%clk 1:04:35]} 13. Rae1 {[%clk 1:28:37]} b5
{[%clk 1:00:48]} 14. e5 {[%clk 1:28:28]} Be7 {[%clk 0:52:20]} 15. axb5
{[%clk 1:27:36]} axb5 {[%clk 0:52:04]} 16. Bb1 {[%clk 1:27:59]} b4
{[%clk 0:50:16]} 17. Ne4 {[%clk 1:28:11]} Nxf3+ {[%clk 0:47:45]} 18. Rxf3
{[%clk 1:28:29]} Bc6 {[%clk 0:46:51]} 19. Kh1 {[%clk 1:27:47]} d5
{[%clk 0:39:22]} 20. Nf2 {[%clk 1:27:53]} d4 {[%clk 0:35:12]} 21. Ne4
{[%clk 1:28:10]} Qd7 {[%clk 0:33:06]} 22. c3 {[%clk 1:28:10]} bxc3
{[%clk 0:31:12]} 23. bxc3 {[%clk 1:28:27]} dxc3 {[%clk 0:26:46]} 24. Qxc3
{[%clk 1:28:19]} Qd4 {[%clk 0:24:48]} 25. Rc1 {[%clk 1:21:12]} Qxc3
{[%clk 0:19:23]} 26. Rxc3 {[%clk 1:21:32]} Ra1 {[%clk 0:18:38]} 27. Rf1
{[%clk 1:21:54]} Bxe4 {[%clk 0:17:57]} 28. dxe4 {[%clk 1:22:06]} Rd8
{[%clk 0:16:56]} 29. Rc2 {[%clk 1:19:27]} Rd4 {[%clk 0:14:54]} 30. Re2
{[%clk 1:17:47]} c4 {[%clk 0:14:34]} 31. g3 {[%clk 1:17:11]} c3 {[%clk 0:13:35]}
32. Kg2 {[%clk 1:17:04]} Rb4 {[%clk 0:12:45]} 33. Ree1 {[%clk 1:17:16]} Rb2+
{[%clk 0:12:50]} 34. Kf3 {[%clk 1:16:10]} c2 {[%clk 0:12:53]} 35. Bxc2
{[%clk 1:16:26]} Rxe1 {[%clk 0:13:01]} 36. Rxe1 {[%clk 1:16:42]} Rxc2
{[%clk 0:13:23]} 37. h4 {[%clk 1:17:00]} Bc5 {[%clk 0:13:16]} 38. Rf1
{[%clk 1:17:14]} Rc3+ {[%clk 0:11:44]} 39. Kg4 {[%clk 1:17:14]} g6
{[%clk 0:11:13]} 40. f5 {[%clk 1:16:45]} Bd4 {[%clk 0:10:39]} 41. fxe6
{[%clk 1:16:15]} fxe6 {[%clk 0:07:13]} 42. Rf6 {[%clk 1:16:34]} h5+
{[%clk 0:06:02]} 43. Kh3 {[%clk 1:16:29]} Kg7 {[%clk 0:01:39]} 44. Rxe6
{[%clk 1:16:46]} Bf2 {[%clk 0:00:52]} 45. Re7+ {[%clk 1:15:09]} Kf8
{[%clk 0:01:06]} 46. Re6 {[%clk 1:15:28]} Rxg3+ {[%clk 0:30:11]} 47. Kh2
{[%clk 1:45:48]} Be1 {[%clk 0:28:31]} 48. Ra6 {[%clk 1:43:41]} Rg4
{[%clk 0:25:05]} 49. Ra8+ {[%clk 1:43:15]} Ke7 {[%clk 0:25:23]} 50. Kh3
{[%clk 1:43:00]} Bxh4 {[%clk 0:24:37]} 51. Ra4 {[%clk 1:43:04]} Ke6
{[%clk 0:24:28]} 52. Ra8 {[%clk 1:43:15]} Kxe5 {[%clk 0:23:12]} 53. Re8+
{[%clk 1:43:30]} Kd4 {[%clk 0:22:36]} 54. e5 {[%clk 1:43:34]} Re4
{[%clk 0:21:14]} 55. e6 {[%clk 1:43:43]} Kd5 {[%clk 0:21:13]} 56. Rg8
{[%clk 1:43:53]} Rg4 {[%clk 0:19:15]} 57. Re8 {[%clk 1:43:57]} Kd6
{[%clk 0:19:27]} 58. Kh2 {[%clk 1:44:12]} Be7 {[%clk 0:19:37]} 59. Kh3
{[%clk 1:43:43]} Kxe6 {[%clk 0:19:36]} 60. Ra8 {[%clk 1:43:27]} g5
{[%clk 0:19:02]} 61. Rh8 {[%clk 1:43:28]} Rh4+ {[%clk 0:18:23]} 62. Kg2
{[%clk 1:43:37]} Kf5 {[%clk 0:18:18]} 63. Ra8 {[%clk 1:43:49]} Bd6
{[%clk 0:18:10]} 64. Ra5+ {[%clk 1:44:09]} Be5 {[%clk 0:17:46]} 65. Rb5
{[%clk 1:44:24]} Rd4 {[%clk 0:17:55]} 66. Ra5 {[%clk 1:44:06]} g4
{[%clk 0:18:03]} 67. Ra2 {[%clk 1:44:15]} h4 {[%clk 0:18:06]} 68. Rf2+
{[%clk 1:44:13]} Bf4 {[%clk 0:18:13]} 69. Ra2 {[%clk 1:44:31]} Rd2+  0-1

[Event "European Senior Team Championship 2021"]
[Site "Don Giovanni hotel, Vinohradska 2733, Prague, Czech Republic"]
[Date "2021.09.07"]
[Round "9"]
[Board "1"]
[White "Kolbak, Jens"]
[Black "Gruenfeld, Yehuda"]
[Result "1/2-1/2"]
[WhiteElo "2169"]
[BlackElo "2397"]
[PlyCount "0"]
[EventDate "2021.08.30"]
[EventType "team"]
[EventRounds "9"]
[EventCountry "ECX"]
[WhiteTeam "SK 2012"]
[BlackTeam "ISRAEL 1"]

1. d4 {[%clk 1:30:55]} Nf6 {[%clk 1:30:55]} 2. c4 {[%clk 1:31:13]} c5
{[%clk 1:30:38]} 3. Nf3 {[%clk 1:29:22]} cxd4 {[%clk 1:30:37]} 4. Nxd4
{[%clk 1:29:44]} e6 {[%clk 1:28:21]} 5. Nc3 {[%clk 1:29:07]} Nc6 {[%clk 1:28:45]}
6. e3 {[%clk 1:27:50]} d5 {[%clk 1:27:56]} 7. cxd5 {[%clk 1:25:12]} exd5
{[%clk 1:28:12]} 8. Bb5 {[%clk 1:23:57]} Bd7 {[%clk 1:28:24]} 9. O-O
{[%clk 1:23:40]} Be7 {[%clk 1:24:37]} 10. b3 {[%clk 1:21:06]} O-O
{[%clk 1:22:58]} 11. Bb2 {[%clk 1:21:31]} Qa5 {[%clk 1:17:10]} 12. Be2
{[%clk 1:18:39]} Rad8 {[%clk 1:16:09]} 13. a3 {[%clk 1:14:43]} Ne5
{[%clk 1:06:29]} 14. Nf3 {[%clk 1:11:20]} Bd6 {[%clk 0:47:22]} 15. Rc1
{[%clk 1:05:31]} Bc6 {[%clk 0:35:31]} 16. h3 {[%clk 0:49:38]} Nxf3+
{[%clk 0:33:13]} 17. Bxf3 {[%clk 0:50:00]} Bb8 {[%clk 0:33:29]} 18. Qd4
{[%clk 0:47:10]} Qc7 {[%clk 0:30:58]} 19. g3 {[%clk 0:47:14]} Qe7
{[%clk 0:31:15]} 20. Ne2 {[%clk 0:43:24]} Rfe8 {[%clk 0:25:33]} 21. Rfd1
{[%clk 0:37:25]} h6 {[%clk 0:25:11]} 22. Nf4 {[%clk 0:32:05]} Qf8
{[%clk 0:24:20]} 23. Qc5 {[%clk 0:24:54]} Bd6 {[%clk 0:20:11]} 24. Qxa7
{[%clk 0:25:16]} Ra8 {[%clk 0:19:06]} 25. Qb6 {[%clk 0:19:44]} Ra6
{[%clk 0:18:26]} 26. Qd4 {[%clk 0:20:07]} Be5 {[%clk 0:17:51]} 27. Qd2
{[%clk 0:20:32]} Bxb2  1/2-1/2

[Event "European Senior Team Championship 2021"]
[Site "Don Giovanni hotel, Vinohradska 2733, Prague, Czech Republic"]
[Date "2021.09.07"]
[Round "9"]
[Board "2"]
[White "Birnboim, Nathan"]
[Black "Jorgensen, Jorgen"]
[Result "1-0"]
[WhiteElo "2375"]
[BlackElo "2165"]
[PlyCount "0"]
[EventDate "2021.08.30"]
[EventType "team"]
[EventRounds "9"]
[EventCountry "ECX"]
[WhiteTeam "ISRAEL 1"]
[BlackTeam "SK 2012"]

1. Nf3 {[%clk 1:30:49]} f5 {[%clk 1:30:44]} 2. g3 {[%clk 1:31:08]} Nf6
{[%clk 1:31:05]} 3. Bg2 {[%clk 1:31:32]} g6 {[%clk 1:31:20]} 4. O-O
{[%clk 1:31:39]} Bg7 {[%clk 1:31:44]} 5. d4 {[%clk 1:31:48]} O-O {[%clk 1:31:56]}
6. c4 {[%clk 1:32:11]} d6 {[%clk 1:32:17]} 7. Nc3 {[%clk 1:32:33]} c6
{[%clk 1:32:17]} 8. d5 {[%clk 1:32:43]} Bd7 {[%clk 1:32:00]} 9. Qb3
{[%clk 1:29:39]} cxd5 {[%clk 1:26:48]} 10. cxd5 {[%clk 1:29:35]} Qb6
{[%clk 1:25:48]} 11. Qxb6 {[%clk 1:09:25]} axb6 {[%clk 1:25:59]} 12. Rd1
{[%clk 1:00:17]} Na6 {[%clk 1:24:06]} 13. Be3 {[%clk 0:51:58]} b5
{[%clk 1:15:44]} 14. Bd4 {[%clk 0:49:24]} b4 {[%clk 1:13:25]} 15. Nb1
{[%clk 0:49:44]} Nc7 {[%clk 1:12:54]} 16. Ne1 {[%clk 0:47:47]} Nb5
{[%clk 1:10:32]} 17. Nf3 {[%clk 0:40:54]} Rfc8 {[%clk 1:04:20]} 18. a4
{[%clk 0:35:04]} Nxd4 {[%clk 0:51:09]} 19. Nxd4 {[%clk 0:35:27]} Ng4
{[%clk 0:37:49]} 20. b3 {[%clk 0:23:46]} Bxd4 {[%clk 0:28:26]} 21. Rxd4
{[%clk 0:24:10]} Rc1+ {[%clk 0:28:46]} 22. Bf1 {[%clk 0:24:35]} Nxh2
{[%clk 0:27:46]} 23. Kxh2 {[%clk 0:24:35]} Rxf1 {[%clk 0:28:09]} 24. Kg2
{[%clk 0:24:27]} Re1 {[%clk 0:27:51]} 25. Rxb4 {[%clk 0:24:05]} b5
{[%clk 0:24:30]} 26. a5 {[%clk 0:14:45]} Ra6 {[%clk 0:24:26]} 27. e3
{[%clk 0:13:07]} Rd1 {[%clk 0:18:15]} 28. Rd4 {[%clk 0:13:13]} Rxd4 29. exd4 b4
{[%clk 0:13:06]} 30. Nd2 {[%clk 0:13:02]} Bb5 {[%clk 0:13:24]} 31. Kf3
{[%clk 0:11:43]} Ra7 {[%clk 0:12:55]} 32. Ke3 {[%clk 0:11:23]} Kf7
{[%clk 0:11:33]} 33. Nc4 {[%clk 0:09:54]} Kf6 {[%clk 0:10:55]} 34. Nb2
{[%clk 0:09:14]} e6 {[%clk 0:05:47]} 35. dxe6 {[%clk 0:08:10]} d5
{[%clk 0:02:56]} 36. Nd3 {[%clk 0:06:45]} Bxd3 {[%clk 0:02:57]} 37. Kxd3
{[%clk 0:07:07]} Kxe6 {[%clk 0:03:13]} 38. a6 {[%clk 0:06:52]} Kd6
{[%clk 0:03:20]} 39. Ke3 {[%clk 0:06:07]} Ke6 {[%clk 0:03:05]} 40. Ra5
{[%clk 0:05:01]} h6 {[%clk 0:03:11]} 41. Ra1 {[%clk 0:04:47]} Kf6
{[%clk 0:03:06]} 42. f4 {[%clk 0:02:07]} Ke6 {[%clk 0:02:10]} 43. Ra5
{[%clk 0:02:14]} Kd6 {[%clk 0:00:58]} 44. Kf3 {[%clk 0:01:41]} Ke6
{[%clk 0:28:19]} 45. g4 {[%clk 0:31:34]} fxg4+ {[%clk 0:26:34]} 46. Kxg4
{[%clk 0:32:00]} Kf6 {[%clk 0:25:55]} 47. Rxd5 {[%clk 0:31:58]} Rxa6
{[%clk 0:26:15]} 48. Rb5 {[%clk 0:32:24]} h5+ {[%clk 0:22:28]} 49. Kf3
{[%clk 0:31:43]} Rc6 {[%clk 0:22:47]} 50. Rxb4 {[%clk 0:30:59]} Rc3+
{[%clk 0:23:11]} 51. Ke4 {[%clk 0:28:28]} h4 {[%clk 0:23:32]} 52. Rb7
{[%clk 0:26:45]} h3 {[%clk 0:23:50]} 53. b4 {[%clk 0:26:14]} Rb3 {[%clk 0:24:04]}
54. b5 {[%clk 0:25:36]} Rb2 {[%clk 0:15:40]} 55. Rh7 {[%clk 0:24:57]} h2
{[%clk 0:12:27]} 56. b6 {[%clk 0:24:37]} Rxb6 {[%clk 0:09:22]} 57. Rxh2
{[%clk 0:25:00]} Rb5 {[%clk 0:08:54]} 58. Rc2 {[%clk 0:24:20]} Rb1
{[%clk 0:09:10]} 59. Kd5 {[%clk 0:18:42]} Kf5 {[%clk 0:04:56]} 60. Rf2
{[%clk 0:14:13]} Rb8 {[%clk 0:04:42]} 61. Kc6 {[%clk 0:13:23]} Ke4
{[%clk 0:02:03]} 62. d5 {[%clk 0:13:30]} Ra8 {[%clk 0:01:56]} 63. d6
{[%clk 0:12:45]} Kf5 {[%clk 0:02:03]} 64. d7 {[%clk 0:12:29]} Ke6
{[%clk 0:02:14]} 65. Re2+ {[%clk 0:12:28]} Kf7 {[%clk 0:02:33]} 66. Kb7
{[%clk 0:12:13]}  1-0